Skażenia promieniotwórcze środowiska i żywności w Polsce w 1999 roku = (Rekord nr 38096)
| 000 -ETYKIETA REKORDU | |
|---|---|
| podpole kontrolne o stałej długości | 01856nam a2200517 i 4500 |
| 001 - NUMER KONTROLNY REKORDU | |
| pole kontrolne | 38096 |
| 003 - IDENTYFIKATOR NUMERU KONTROLNEGO REKORDU | |
| podpole kontrolne | KOSZ 005 |
| 005 - DATA OSTATNIEJ MODYFIKACJI REKORDU | |
| podpole kontrolne | 20240405063122.0 |
| 008 - POLE O STAŁEJ DŁUGOŚCI - DANE KONTROLNE | |
| podpole kontrolne o stałej długości | 001010s2000 pl f |000 0 pol d |
| 020 ## - MIĘDZYNARODOWY ZNORMALIZOWANY NUMER KSIĄŻKI - ISBN | |
| ISBN | 8372171000 |
| 040 ## - ŹRÓDŁO KATALOGOWANIA | |
| Instytucja, która utworzyła rekord | KOSZ 005 |
| Instytucja, która sporządziła opis | KOSZ 005 |
| Instytucja, która dokonała modyfikacji | KOSZ 005/HR |
| 041 0# - KOD JĘZYKA | |
| Kod języka tekstu | pl |
| Kod języka streszczenia lub abstraktu | en |
| 046 ## - DATY KODOWANE | |
| Pojedyncza data lub początek okresu powstania dzieła lub zbioru dzieł | 2000 |
| 080 ## - UNIWERSALNA KLASYFIKACJA DZIESIĘTNA - UKD | |
| UKD | 664 |
| 080 ## - UNIWERSALNA KLASYFIKACJA DZIESIĘTNA - UKD | |
| UKD | 504(438)"1989/..." |
| 080 ## - UNIWERSALNA KLASYFIKACJA DZIESIĘTNA - UKD | |
| UKD | 621.039.8 |
| 080 ## - UNIWERSALNA KLASYFIKACJA DZIESIĘTNA - UKD | |
| UKD | 537.5 |
| 080 ## - UNIWERSALNA KLASYFIKACJA DZIESIĘTNA - UKD | |
| UKD | 539.16 |
| 245 00 - TYTUŁ/ODPOWIEDZIALNOŚĆ | |
| Tytuł | Skażenia promieniotwórcze środowiska i żywności w Polsce w 1999 roku = |
| Ciąg dalszy tytułu | Radioactive contamination of environment and food in Poland in 1999 / |
| Pozostałe elementy strefy tytułu i oznaczenia odpowiedzialności | zespół aut. Dariusz Grabowski [et al. ; Inspekcja Ochrony Środowiska, Państwowa Agencja Atomistyki]. |
| 260 ## - STREFA ADRESU WYDAWNICZEGO | |
| Miejsce wydania | Warszawa : |
| Nazwa wydawcy/dystrybutora | IOŚ, |
| Data publikacji, dystrybucji/powstania dokumentu | 2000. |
| 300 ## - STREFA OPISU FIZYCZNEGO | |
| Objętość | 32 s. : |
| Inne cechy fizyczne | 1 mapa, wykr. ; |
| Rozmiary | 24 cm. |
| 336 ## - TYP ZAWARTOŚCI | |
| Źródło (terminu i kodu) | rdacontent |
| Termin opisujący typ zawartości | Tekst |
| Kod określający zawartość | txt |
| 337 ## - TYP MEDIÓW | |
| Źródło (terminu i kodu) | rdamedia |
| Tryb odtwarzania | Bez urządzenia pośredniczącego |
| Kod typu mediów | n |
| 338 ## - TYP/RODZAJ NOŚNIKA | |
| Źródło (terminu i kodu) | rdacarrier |
| Hasło opisujące typ nośnika | Wolumin |
| Kod typu nośnika | nc |
| 380 ## - FORMA I TYP PUBLIKACJI | |
| Forma i typ publikacji | Książki |
| 388 ## - CZAS POWSTANIA | |
| Czas powstania | 1901-2000 |
| 388 ## - CZAS POWSTANIA | |
| Czas powstania | 1989-2000 |
| 490 1# - STREFA SERII I DOKUMENTU WIELOCZĘŚCIOWEGO - FORMA NIE DO WYSZUKIWANIA | |
| Tytuł i oznaczenie odpowiedzialności serii | Biblioteka Monitoringu Środowiska |
| 500 ## - UWAGI OGÓLNE | |
| Tekst uwagi | Streszcz. ang. |
| 504 ## - UWAGA DOTYCZĄCA BIBLIOGRAFII | |
| Informacje o bibliografii | Bibliogr. s. 32. |
| 648 ## - HASŁO PRZEDMIOTOWE - TERMIN CHRONOLOGICZNY | |
| Termin chronologiczny | 1901-2000 |
| 648 ## - HASŁO PRZEDMIOTOWE - TERMIN CHRONOLOGICZNY | |
| Termin chronologiczny | 1989-2000 |
| 650 #7 - HASŁO PRZEDMIOTOWE W FORMIE NAZWY OGÓLNEJ LUB JEDNOSTKOWEJ | |
| Nazwa ogólna lub geograficzna | Izotopy promieniotwórcze |
| 650 #7 - HASŁO PRZEDMIOTOWE W FORMIE NAZWY OGÓLNEJ LUB JEDNOSTKOWEJ | |
| Nazwa ogólna lub geograficzna | Promieniowanie jonizujące |
| 650 #7 - HASŁO PRZEDMIOTOWE W FORMIE NAZWY OGÓLNEJ LUB JEDNOSTKOWEJ | |
| Nazwa ogólna lub geograficzna | Promieniotwórczość |
| 650 #7 - HASŁO PRZEDMIOTOWE W FORMIE NAZWY OGÓLNEJ LUB JEDNOSTKOWEJ | |
| Nazwa ogólna lub geograficzna | Pomiary |
| 650 #7 - HASŁO PRZEDMIOTOWE W FORMIE NAZWY OGÓLNEJ LUB JEDNOSTKOWEJ | |
| Nazwa ogólna lub geograficzna | Degradacja środowiska |
| 650 #9 - HASŁO PRZEDMIOTOWE W FORMIE NAZWY OGÓLNEJ LUB JEDNOSTKOWEJ | |
| Nazwa ogólna lub geograficzna | Żywność |
| 658 ## - TERMIN INDEKSOWY - PRZEDMIOT PROGRAMU NAUCZANIA | |
| Główny przedmiot programu nauczania | Ochrona środowiska |
| 700 1# - HASŁO DODATKOWE - NAZWA OSOBOWA | |
| Nazwa osobowa | Grabowski, Dariusz |
| Określenie związku między hasłem a opisywanym materiałem | Autor |
| 710 #0 - HASŁO DODATKOWE - NAZWA CIAŁA ZBIOROWEGO | |
| Nazwa ciała zbiorowego lub jednostki geograficznej | Państwowa Agencja Atomistyki |
| 710 #0 - HASŁO DODATKOWE - NAZWA CIAŁA ZBIOROWEGO | |
| Nazwa ciała zbiorowego lub jednostki geograficznej | Państwowa Inspekcja Ochrony Środowiska |
| 830 ## - HASŁO DODATKOWE SERII LUB DOKUMENTU WIELOCZĘŚCIOWEGO - TYTUŁ UJEDNOLICONY | |
| Tytuł ujednolicony | Biblioteka Monitoringu Środowiska |
| 856 ## - LOKALIZACJA I DOSTĘP DO ELEKTRONICZNYCH DOKUMENTÓW ZDALNYCH | |
| Link (URL) | http://koha.tu.koszalin.pl/cgi-bin/koha/opac-detail.pl?biblionumber=38096 |
| Tekst linku | Katalog online BPK |
| 942 ## - DODATKOWE ELEMENTY (KOHA) | |
| Typ dokumentu | Książka |
| Schemat klasyfikacji | Uniwersalna Klasyfikacja Dziesiętna |
| Wycofany | Status egzemplarza | Uszkodzony | Dostępność | Lokalizacja stała | Lokalizacja bieżąca | Miejsce przechowywania | Sygnatura | Kod kreskowy | Dział | Typ dokumentu |
|---|---|---|---|---|---|---|---|---|---|---|
| Tylko na miejscu | Biblioteka Politechniki Koszalińskiej | Biblioteka Politechniki Koszalińskiej | Czytelnia BG | 54694 | 01504064 | 504 Zagrożenia środowiska | Książka |
